ˆThe ‰green years (Запись № 13658171)

Подробности
000 -МАРКЕР
контрольное поле 01121nam0a22002891 4500
001 - ИДЕНТИФИКАТОР ЗАПИСИ
контрольное поле RU\NLR\INFOCOMM_161\5000072980
005 - ИДЕНТИФИКАТОР ВЕРСИИ
контрольное поле 20260419043622.0
010 ## - МЕЖДУНАРОДНЫЙ СТАНДАРТНЫЙ НОМЕР КНИГИ (ISBN)
Тираж 500 экз.
035 ## - ДРУГИЕ СИСТЕМНЫЕ НОМЕРА
Идентификатор записи (NLR Aleph) 009234357
100 ## - ДАННЫЕ ОБЩЕЙ ОБРАБОТКИ
Данные общей обработки 20100626d1972 u y0rusy50 ca
101 0# - ЯЗЫК РЕСУРСА
Язык текста, звукозаписи и т.д. английский
Язык главного источника информации русский
102 ## - СТРАНА ПУБЛИКАЦИИ ИЛИ ПРОИЗВОДСТВА
Страна публикации Эстония
105 ## - ПОЛЕ КОДИРОВАННЫХ ДАННЫХ: ТЕКСТОВЫЕ МАТЕРИАЛЫ, МОНОГРАФИЧЕСКИЕ
Кодированные данные о монографическом текстовом документе a ||||000|y
200 1# - ЗАГЛАВИЕ И СВЕДЕНИЯ ОБ ОТВЕТСТВЕННОСТИ
Основное заглавие ˆThe ‰green years
Первые сведения об ответственности A. Cronin
Последующие сведения об ответственности Adapt. for the 10th form by L. Golovtchinskaya
-- Eesti NSV. Körgema ja kesk-erihariduse min. E. Vilde nimeline Tallinna ped. inst.
210 ## - ПУБЛИКАЦИЯ, РАСПРОСТРАНЕНИЕ И ДР.
Место издания, распространения и т.д. Tallinn
Дата издания, распространения и т.д. 1972
215 ## - ФИЗИЧЕСКАЯ ХАРАКТЕРИСТИКА
Специфическое обозначение материала и объем 176 с.
Другие сведения о физической характеристике ил.
Размеры 20 см
300 ## - ОБЩИЕ ПРИМЕЧАНИЯ
Текст примечания Предисл. на рус. яз.
300 ## - ОБЩИЕ ПРИМЕЧАНИЯ
Текст примечания Доп. тит. л. на рус. яз.: А. Кронин. Юные годы
300 ## - ОБЩИЕ ПРИМЕЧАНИЯ
Текст примечания Книга для чтения на англ. яз. для X кл. средн. школы. Изд. 3-е, испр.
686 ## - ИНДЕКСЫ ДРУГИХ КЛАССИФИКАЦИЙ
Индекс Я270-535х
Код системы
700 #1 - ИМЯ ЛИЦА - ПЕРВИЧНАЯ ОТВЕТСТВЕННОСТЬ
Начальный элемент ввода Cronin
Часть имени, кроме начального элемента ввода A. J.
Даты 1896-1981
Расширение инициалов личного имени Archibald Joseph
Идентификатор авторитетной/нормативной записи RU\NLR\AUTH\777644
Код отношения Автор
801 #0 - ИСТОЧНИК ЗАПИСИ
Страна Российская Федерация
Организация NLR
Правила каталогизации PSBO
801 #1 - ИСТОЧНИК ЗАПИСИ
Страна Российская Федерация
Организация NLR
Дата составления 20100626
852 ## - МЕСТОНАХОЖДЕНИЕ И ШИФР ХРАНЕНИЯ
Идентификатор организации NLR
Шифр хранения (Call Number) Я61 Д-3/150
Публикуемое примечание 2 экз.
942 ## - ДОПОЛНИТЕЛЬНЫЕ ЭЛЕМЕНТЫ ЗАПИСИ (АБИС)
Тип экземпляра АБИС Книга
980 ## - КОЛЛЕКЦИЯ
Название коллекции Национальная библиография

Нет доступных экземпляров.